000 02059nam a22002777a 4500
999 _c63196
_d63196
003 Ge_BSU
005 20250625152641.0
008 250625s2018 ge ||||| |||| 00| 0 geo d
020 _a9789941476747
041 _ageo
080 _a51(075.8) მ-15
245 _aმათემატიკა : მე-5 კლასი :
_bმოსწავლის წიგნი. ნაწილი 1 /
_cგურამ გოგიშვილი, თეიმურაზ ვეფხვაძე, ია მებონია, ლამარა ქურჩიშვილი; რედაქტორი თეიმურაზ ვეფხვაძე; გარეკანის დიზაინერი ი. ხელაია, გ. გოგიშვილი; მხატვარი ნ. ფერაძე.
264 _aთბილისი :
_bინტელექტი,
_c2020.
300 _a292 გვ. ;
_b27 სმ.
500 _aგრიფი მიენიჭა საქართველოს განათლების, მეცნიერების, კულტურისა და სპორტის სამინისტროს მიერ 2018 წლის 24 ივლისს, ბრძანება #25
653 _aმათემატიკა
700 _aგოგიშვილი, გ.
_eავტორი
_925507
700 _aვეფხვაძე, თეიმურაზ
_eავტორი
_925508
700 _aმებონია, ია
_eავტორი
_925509
700 _aქურჩიშვილი, ლ.
_eავტორი
_925510
700 _aვეფხვაძე, თ.
_eრედაქტორი
_925511
700 _aგოგიშვილი, გ.
_eგარეკანის დიზაინერი
_925512
700 _aხელაია, ილია
_eგარეკანის დიზაინერი
_925513
700 _aფერაძე, ნინო
_eმხატვარი
_913832
942 _2udc
_cᲬᲘᲒᲜᲘ